00421nam a2200169Ia 4500003000400000008004100004040001600045082001300061100002100074245004000095260004200135300001000177650002600187650001300213650001300226650001200239GCL140319s9999 xx 000 0 eng d aGCL / cGCL04a759bF P1 aFERMIGIER, ANDRE10aPIERRE BONNARD / cFERMIGIER, ANDRE a[S.N] : bTHAMES AND HUDSON ، c1987 a127 P04aHISTORY AND CRITICISM04aPAINTING04aPAINTERS04aBONNARD